| 000 | 00354nam a2200145Ia 4500 | ||
|---|---|---|---|
| 003 | OSt | ||
| 005 | 20240229124610.0 | ||
| 008 | 170524s9999 xx 000 0 und d | ||
| 020 | _a978-8120347342 | ||
| 040 | _cIIMT UNIVERSITY | ||
| 100 | _aSapru RK | ||
| 245 | 0 | _aAdministrative Theories & Management Thought | |
| 260 | _aNew Delhi:PHI | ||
| 942 |
_2ddc _c02 |
||
| 999 |
_c3058 _d3058 |
||